|
|
|
|
| LEADER |
00000nam a22000005a 4500 |
| 001 |
vtls010654162 |
| 003 |
SK-MaSNL |
| 005 |
20260302050937.0 |
| 008 |
240314s2015 xo o g 000 pdslo |
| 020 |
|
|
|a 9788080634292
|q (brož.)
|
| 035 |
|
|
|a 483D8A7D-E00E-4D1F-A51C-967CFD83EED9
|
| 035 |
|
|
|a urn:nbn:sk:snk-amjq6w
|
| 035 |
|
|
|a urn:nbn:sk:snk-am002hp8
|
| 040 |
|
|
|a SNK
|b slo
|c SNK
|e AACR2
|
| 041 |
0 |
|
|a slo
|
| 044 |
|
|
|a xo
|c SK
|
| 072 |
|
7 |
|a 395
|x Spoločenské správanie. Etiketa
|2 konspekt
|
| 072 |
|
7 |
|a 821.162.4-1
|x Slovenská poézia
|2 konspekt
|
| 080 |
|
|
|a 395.82
|2 2001
|
| 080 |
|
|
|a 821.162.4-1
|2 2001
|
| 100 |
1 |
|
|a Jaroš, František,
|d 1935-
|4 aut
|9 98214
|
| 245 |
1 |
0 |
|a Ja zdravie i šťastie vinšujem Ti a nielen liekmi, ale aj nežným slovom vrátim Ti
|c Fantišek Jaroš
|
| 260 |
|
|
|a Martin
|b Osveta
|c 2015
|
| 300 |
|
|
|a 88 s.
|b fareb. fotogr.
|c 20 cm
|
| 650 |
0 |
7 |
|a gratulácie
|2 SNKPH
|9 58280
|
| 650 |
0 |
7 |
|a Greeting cards
|2 SNKPHeng
|9 328562
|
| 655 |
|
7 |
|a slovenská poézia
|2 SNKPH
|9 70444
|
| 655 |
|
7 |
|a Slovak poetry
|2 SNKPHeng
|9 265010
|
| 919 |
|
|
|a 978-80-8063-429-2
|
| 958 |
|
|
|a TL
|
| 958 |
|
|
|a LX
|
| 958 |
|
|
|a OND
|
| 999 |
|
|
|c 1099080
|d 1101010
|
| 952 |
|
|
|a SNK
|b SNK
|y PREZ
|7 0
|p 17A1137707
|o snkSD 83938
|i snk2015/5308
|8 0
|0 0
|1 0
|4 0
|d 2015-02-12
|f 1
|l 0
|r 2017-06-30 00:00:00
|w 2026-02-24
|
| 952 |
|
|
|a SNK
|b SNK
|y VYP
|7 0
|p 17A1137708
|o snkSD 83938 D1
|i snk2015/5309
|8 0
|0 0
|1 0
|4 0
|d 2015-02-12
|l 0
|r 2017-06-30 00:00:00
|w 2026-02-24
|